000 00918nmc a2200301 a 4500
003 AR-BaBNM
005 20251128205006.0
008 011101s1985 ||||||||||||||000 | spa||
020 _a968-424-060-0
040 _cAR-BaBNM
100 1 _aNervi, Juan Ricardo
245 1 0 _aDidáctica normativa
_by práctica docente
250 _a1ª ed.
260 _aMéxico, D.F.
_bKapelusz Mexicana
_c1985
300 _a262 p.
_bdiagr., tablas
490 0 _aActualización pedagógica
500 _aApéndice: la práctica docente en América Latina: p. 254-262
504 _aLa bibliografía se encuentra en notas a pie de página
650 4 _aDIDACTICA
650 4 _aROL DEL DOCENTE
650 4 _aOBJETIVOS EDUCACIONALES
650 4 _aMOTIVACION DEL DOCENTE
650 4 _aMATERIAL DIDACTICO
650 4 _aTECNICAS DE EVALUACION
653 _aPROCESO DE ENSENANZA-APRENDIZAJE
942 _cBK
998 _csilvi
999 _c9611
_d9611